00843nam a2200217 a 45000010005000000030005000050050017000100080041000270200015000680400020000832450219001032600023003223000011003454900027003566500033003836500036004166500052004529420013005049990015005179520093005325107CDMR20131111134026.0130130s1988||||||||||||||||||||||||||||d a8476003390 aCDMRbcatcCDMR04aLas industrias culturales en Españab: grupos multimedia y transnacionales: prensa, radio, TV, libro, cine, disco, publicidadcEnrique Bustamante, Ramón Zallo (coords.) ; colaboran: José Carrón ... [et al.] aMadridc1988bAkal a327 p.0 aAkal Comunicaciónv20494171aIndústries culturals0494123aConcentració industrial049396aMitjans de comunicació de massazEspanya cMON2udc c5107d5107 00104070aCDMRbCDMRd2013-01-16l0oCm 1/7pCDMR13119595r2013-01-16w2013-01-16yMON